Countries That Produce the Most Foie Gras - Statistics

General Stats
  • This quiz has been taken 169 times
    39 since last reset
  • The average score is 5 of 7
Answer Stats
Tons Country % Correct
14,748 France
100%
~300 United States
97%
524 Spain
89%
~200 Canada
86%
7,000 China
86%
2,147 Hungary
23%
2,752 Bulgaria
14%
No matching quizzes found
Score Distribution
Percent of People with Each Score
Percentile by Number Answered
Your Score History
You have not taken this quiz since the last reset